Sports Quiz

Random Sports or Clickable Quiz

Top 20 Stolen Bases Quiz Stats

 Plays Quiz not verified by Sporcle

Challenge
Share
Tweet
Embed
Score 0/20 Timer 03:00
0 Plays Today
% Correct
Rickey Henderson
64.7%
Lou Brock
55.8%
Ty Cobb
55.2%
Tim Raines
53.4%
Kenny Lofton
49.5%
Vince Coleman
47.7%
Maury Wills
36.3%
Juan Pierre
35%
Joe Morgan
32.2%
Willie Wilson
31.1%
% Correct
Otis Nixon
30.7%
Honus Wagner
30.3%
Billy Hamilton
26.3%
Eddie Collins
24.1%
Bert Campaneris
18.2%
Max Carey
16.3%
Arlie Latham
9.7%
George Davis
8.9%
Dummy Hoy
8.3%
Tom Brown
6.1%

You're not logged in!

Compare scores with friends on all Sporcle quizzes.
Join for Free
OR
Log In

You Might Also Like...

Show Comments

Extras

Top Quizzes Today


Score Distribution

Your Account Isn't Verified!

In order to create a playlist on Sporcle, you need to verify the email address you used during registration. Go to your Sporcle Settings to finish the process.

Report this User

Report this user for behavior that violates our Community Guidelines.

Details: